000 00316nam a22001337a 4500
008 170613b xxu||||| |||| 00| 0 eng d
020 _a9780815713852
041 _aeng
080 _a94(100)
100 _a19
101 _aSHP
245 _aPREVENTING CONFLICFT POST COMMUNIST WORLD
_cCHYES.A
942 _2udc
_cBK
999 _c17085
_d17085